| 000 | 00497nam a2200181Ia 4500 | ||
|---|---|---|---|
| 999 |
_c806 _d806 |
||
| 003 | OSt | ||
| 005 | 20210108095709.0 | ||
| 008 | 151015s9999 xx 000 0 und d | ||
| 040 |
_aMMU _beng _cMMU _dMMU |
||
| 050 | _aQA 911 .B35 1956 | ||
| 100 | _aBayley F.J | ||
| 245 |
_aAn introduction to Fluid Dynamics / _cF.J Bayley |
||
| 260 |
_aLondon : _b George Allen And Unwin , _c1958. |
||
| 300 |
_a215 p. : _bill.; |
||
| 500 | _aIncludes index | ||
| 650 | _aFluids Dynamics | ||
| 942 |
_2lcc _cLOAN LOAN |
||